A gyászfeldolgozás kihatása a munkahelyi teljesítményre
| Main Author: | |
|---|---|
| Other Authors: | |
| Format: | Final Paper |
| Kulcsszavak: | gyászfeldolgozás gyászfeldolgozás munkahelyi támogatása magánéleti veszteség munkahelyi teljesítmény munkahelyi veszteség |
| Online Access: | http://dolgozattar.uni-bge.hu/59962 |
MARC
| LEADER | 00000nta a2200000 i 4500 | ||
|---|---|---|---|
| 001 | dolg59962 | ||
| 005 | 20260409145814.0 | ||
| 008 | 260409suuuu hu o 000 hun d | ||
| 040 | |a BGE Dolgozattár Repozitórium |b hun | ||
| 041 | |a hu | ||
| 100 | 1 | |a Mák Orsolya | |
| 245 | 1 | 2 | |a A gyászfeldolgozás kihatása a munkahelyi teljesítményre |c Mák Orsolya |h [elektronikus dokumentum] |
| 516 | |a Final_paper | ||
| 520 | 3 | |a Szakdolgozatomban kvantitatív kutatást végeztem a gyászfeldolgozás hatásairól a munkahelyi teljesítménnyel kapcsolatban, melyet 101 megkérdezett adatai alapján vizsgáltam, az őket ért magánéleti és munkahelyi veszteségek tekintetében. A kérdőívet kitöltők válaszai alapján megállapítható, hogy nagy részük (77,9%) úgy érezte, hogy kihatással volt a munkájához való hozzáállásához az őt ért veszteség. Ez leginkább dekoncentrációban, fáradtságban, levertségben, kimerültségben és az átmeneti antiszocializációban nyilvánult meg. Egymunkahelyi mentálhigiénés projekttervet dolgoztam ki a munkavállalók gyászfeldolgozásának segítésére, melyet szakdolgozatomban bemutatok. | |
| 695 | |a gyászfeldolgozás | ||
| 695 | |a gyászfeldolgozás munkahelyi támogatása | ||
| 695 | |a magánéleti veszteség | ||
| 695 | |a munkahelyi teljesítmény | ||
| 695 | |a munkahelyi veszteség | ||
| 700 | 1 | |a Nagy Zsolt György |e ths | |
| 856 | 4 | 0 | |u http://dolgozattar.uni-bge.hu/59962/1/M%C3%A1k%20Orsolya-%20v%C3%A9gleges%20szakdolgozat.pdf |z Dokumentum-elérés |
| 856 | 4 | 0 | |u http://dolgozattar.uni-bge.hu/59962/2/M%C3%A1k%20Orsolya_kulso_biralat.pdf |z Dokumentum-elérés |
| 856 | 4 | 0 | |u http://dolgozattar.uni-bge.hu/59962/3/M%C3%A1k%20Orsolya_b%C3%ADr%C3%A1lat.pdf |z Dokumentum-elérés |